Time series analysis and forecasting by example / (Record no. 189276)
[ view plain ]
| 000 -LEADER | |
|---|---|
| fixed length control field | 01028 a2200229 4500 |
| 003 - CONTROL NUMBER IDENTIFIER | |
| control field | Nust |
| 005 - DATE AND TIME OF LATEST TRANSACTION | |
| control field | 20230819091636.0 |
| 010 ## - LIBRARY OF CONGRESS CONTROL NUMBER | |
| LC control number | 2010048281 |
| 020 ## - INTERNATIONAL STANDARD BOOK NUMBER | |
| International Standard Book Number | 9780470540640 (cloth) |
| 040 ## - CATALOGING SOURCE | |
| Transcribing agency | Nust |
| 082 00 - DEWEY DECIMAL CLASSIFICATION NUMBER | |
| Classification number | 519.55, BIS |
| 100 1# - MAIN ENTRY--PERSONAL NAME | |
| Personal name | Bisgaard, Soren, |
| 9 (RLIN) | 114181 |
| 245 10 - TITLE STATEMENT | |
| Title | Time series analysis and forecasting by example / |
| Statement of responsibility, etc. | Soren Bisgaard, Murat Kulahci. |
| 260 ## - PUBLICATION, DISTRIBUTION, ETC. | |
| Place of publication, distribution, etc. | Hoboken, N.J. : |
| Name of publisher, distributor, etc. | Wiley, |
| Date of publication, distribution, etc. | c2011. |
| 300 ## - PHYSICAL DESCRIPTION | |
| Extent | xiii, 366 p. : |
| Other physical details | ill. ; |
| Dimensions | 25 cm. |
| 490 0# - SERIES STATEMENT | |
| Series statement | Wiley series in probability and statistics |
| 505 ## - FORMATTED CONTENTS NOTE | |
| Formatted contents note | Time Series Data Examples and Basic Concepts (Page-1), Visualizing Time Series Data Structure Graphical Tools (Page-21), Stationary Models (Page-47), No station Models (Page-79),Seasonal Models (Page-111), Time Series Model Selection (Page-135), Additional Issues in Anima Models (Page-177), Transfer Function Models (Page-203), Additional Topics (Page-263). |
| 650 #0 - SUBJECT ADDED ENTRY--TOPICAL TERM | |
| Topical term or geographic name entry element | Forecasting. |
| 9 (RLIN) | 25884 |
| 650 #0 - SUBJECT ADDED ENTRY--TOPICAL TERM | |
| Topical term or geographic name entry element | Time-series analysis. |
| 700 1# - ADDED ENTRY--PERSONAL NAME | |
| Personal name | Kulahci, Murat. |
| 9 (RLIN) | 114182 |
| 942 ## - ADDED ENTRY ELEMENTS (KOHA) | |
| Source of classification or shelving scheme | |
| Koha item type | Book |
| Withdrawn status | Lost status | Source of classification or shelving scheme | Damaged status | Not for loan | Permanent Location | Current Location | Shelving location | Date acquired | Full call number | Barcode | Date last seen | Price effective from | Koha item type | Public note |
|---|---|---|---|---|---|---|---|---|---|---|---|---|---|---|
| Military College of Signals (MCS) | Military College of Signals (MCS) | General Stacks | 12/12/2016 | 519.55,BIS | MCS35068 | 12/08/2016 | 12/12/2016 | Book | Almirah No.14, Shelf No.6 |
